| 000 | 01715nam a22002297a 4500 | ||
|---|---|---|---|
| 001 | 6672 | ||
| 003 | FISKH | ||
| 005 | 20250520092512.0 | ||
| 008 | 250520b cb ||||| |||| 00| 0 eng d | ||
| 040 |
_aFISKH _bkhr _cFISKH _dFISKH |
||
| 082 | _a570 | ||
| 100 | _aSpheaktra. Pin | ||
| 245 |
_aវិញ្ញាសា ជីវវិទ្យា ថ្នាក់ទី១២ : _bសម្រាប់ត្រៀមប្រលងឆមាសលើកទី១-២ ,ត្រៀមប្រលងសិស្សពូកែ, សញ្ញាប័ត្រមធ្យមសិក្សាទុតិយភូមិ ,ប្រលងចូលមហាវិទ្យាល័យ / _cភិន សុភត្រា |
||
| 260 |
_aភ្នំពេញ : _bបណ្ណាគារ តាព្រហ្ម , _c២០១១ . |
||
| 300 |
_a180 pages : _billustraions ; _c15 cm . |
||
| 520 | _aសៀវភៅនេះប្រើជាជំនួយដល់់ប្អូនៗ សម្រាប់ត្រៀមប្រលង ឆមាសលើកទី១-២ ត្រៀមប្រលងសិស្សពូកែ ត្រៀមប្រលងសញ្ញាប័ត្រមធ្យមសិក្សាទុតិយភូមិ និងប្រលងចូលមហាវិទ្យាល័យនានា ។ | ||
| 520 | _aThis book is intended to assist students in preparing for the first and second semester exams, outstanding student competitions, the high school diploma exam, and entrance exams for various universities." | ||
| 650 | _aជីវវិទ្យា ថ្នាក់ទី១២ | ||
| 650 | _aBiology grade 12 | ||
| 942 |
_2ddc _cKHB _n0 |
||
| 999 |
_c6672 _d6672 |
||